[Event "16th EUR-ch"]
[Site "Jerusalem ISR"]
[Date "2015.03.04"]
[Round "8"]
[White "Sipila, Vilka"]
[Black "Pogosian, Vladimir"]
[Result "0-1"]
[WhiteElo "2425"]
[BlackElo "2124"]
[EventDate "2015.02.24"]
[PlyCount "106"]

1.d4 f5 2.Bg5 d5 3.e3 Nd7 4.Bd3 Ndf6 5.c4 e6 6.Nc3 c6 7.Qc2 g6 8.f3 h6 9.
Bh4 g5 10.Bf2 Bg7 11.e4 dxe4 12.fxe4 Ne7 13.O-O-O Ng4 14.exf5 Nxf2 15.Qxf2
exf5 16.Nge2 O-O 17.h4 g4 18.Bc2 Be6 19.Bb3 Bf7 20.Nf4 b5 21.cxb5 cxb5 22.
Bxf7+ Rxf7 23.Kb1 b4 24.Nce2 Qb6 25.Qe3 a5 26.Rc1 Rd8 27.Rc4 Nd5 28.Nxd5 
Rxd5 29.Rhc1 Qd6 30.Qb3 f4 31.g3 fxg3 32.Rc6 Qd7 33.Rc8+ Bf8 34.Qxg3 Qf5+ 
35.Ka1 Qf3 36.Qh2 Qf2 37.Qh1 Rdf5 38.Qe4 Qxh4 39.d5 Kg7 40.Nd4 Rf1 41.d6 
Kh8 42.Qe8 Qg5 43.Ne2 Rxc1+ 44.Nxc1 Rf1 45.Kb1 Qf5+ 46.Ka1 Qf4 47.Kb1 Qxd6
48.Rc6 Qf4 49.Rc2 Qf5 50.Qe2 g3 51.Qe3 g2 52.Qd2 g1=Q 53.Qe2 Rxc1# 0-1

[Event "16th EUR-ch"]
[Site "Jerusalem ISR"]
[Date "2015.03.04"]
[Round "8"]
[White "Vaisberg, Michael"]
[Black "Kobo, Ori"]
[Result "0-1"]
[WhiteElo "2136"]
[BlackElo "2410"]
[EventDate "2015.02.24"]
[PlyCount "68"]

1.d4 Nf6 2.c4 g6 3.Nc3 d5 4.cxd5 Nxd5 5.Bd2 Bg7 6.e4 Nxc3 7.Bxc3 O-O 8.Qd2
Nc6 9.O-O-O e5 10.dxe5 Qxd2+ 11.Bxd2 Be6 12.f4 Bxa2 13.Nf3 Bb3 14.Re1 Rfd8
15.Re3 Be6 16.Bb5 Nd4 17.Nxd4 Rxd4 18.Bc3 Rdd8 19.Rd1 Bh6 20.Rf1 c6 21.Be2
b5 22.g4 Bf8 23.Ba5 Rd4 24.Rd1 Ra4 25.Rd8 Ra1+ 26.Kc2 Rxd8 27.Bxd8 Rh1 28.
f5 Ba2 29.b3 Bb1+ 30.Kb2 Bc5 31.Bf3 Bd4+ 32.Ka3 Rf1 33.Bg2 Rf2 34.Re1 Bc3 
0-1

[Event "16th EUR-ch"]
[Site "Jerusalem ISR"]
[Date "2015.03.04"]
[Round "8"]
[White "Drori, Dan"]
[Black "Ben Artzi, Ido"]
[Result "0-1"]
[WhiteElo "2104"]
[BlackElo "2408"]
[EventDate "2015.02.24"]
[PlyCount "52"]

1.e4 e5 2.Nf3 Nc6 3.Bb5 a6 4.Ba4 Nf6 5.O-O Be7 6.Re1 b5 7.Bb3 d6 8.c3 O-O 
9.h3 Nb8 10.d4 Nbd7 11.c4 c6 12.Qc2 exd4 13.cxb5 c5 14.Na3 axb5 15.Nxb5 
Ne5 16.Nd2 Ba6 17.Ba4 Qa5 18.b4 cxb4 19.Nxd4 Bd3 20.Qb2 Qxa4 21.Nf5 Rfe8 
22.Nb3 Bxe4 23.Rxe4 Nxe4 24.f4 Bf6 25.fxe5 Bxe5 26.Nfd4 Nc5 0-1

[Event "16th EUR-ch"]
[Site "Jerusalem ISR"]
[Date "2015.03.04"]
[Round "8"]
[White "Kerner, Michael"]
[Black "Iovcov, Valerii"]
[Result "0-1"]
[WhiteElo "2063"]
[BlackElo "2368"]
[EventDate "2015.02.24"]
[PlyCount "120"]

1.e4 c6 2.Nc3 d5 3.Nf3 Bg4 4.h3 Bh5 5.Be2 e6 6.d3 Nf6 7.O-O Be7 8.Ne5 Bxe2
9.Qxe2 O-O 10.Re1 Nbd7 11.Nxd7 Qxd7 12.Bf4 b5 13.Nb1 dxe4 14.dxe4 Rfd8 15.
Nd2 Qd4 16.c3 Qd3 17.Qxd3 Rxd3 18.Nf3 Rc8 19.Rac1 h6 20.Kf1 Bc5 21.Be5 Bb6
22.Rc2 Nd7 23.Bg3 Nf6 24.Be5 Rd7 25.Bxf6 gxf6 26.Ke2 Rcd8 27.a4 Kf8 28.
axb5 cxb5 29.Ra1 f5 30.exf5 exf5 31.g3 f4 32.gxf4 Re7+ 33.Kf1 Rd3 34.Kg2 
f6 35.Ne1 Rd5 36.Kh2 Red7 37.Rac1 Rd2 38.Kg2 Bxf2 39.Nf3 Rxc2 40.Rxc2 Be3 
41.Re2 Bb6 42.Nh4 Kf7 43.Kg3 h5 44.Nf5 Rd5 45.Nh4 Rd3+ 46.Nf3 Bc7 47.Re4 
Bb6 48.Re2 Kg6 49.Re8 Kf5 50.Rh8 Bc7 51.Rh7 Bxf4+ 52.Kg2 Ke4 53.Re7+ Be5 
54.Nxe5 fxe5 55.Rxa7 h4 56.Rh7 Rd2+ 57.Kf1 Rxb2 58.Rxh4+ Kd3 59.Rb4 Rxb4 
60.cxb4 Kd2 0-1

[Event "16th EUR-ch"]
[Site "Jerusalem ISR"]
[Date "2015.03.04"]
[Round "8"]
[White "Zlotogorski, Itay"]
[Black "Golubov, Saveliy"]
[Result "0-1"]
[WhiteElo "2033"]
[BlackElo "2362"]
[EventDate "2015.02.24"]
[PlyCount "100"]

1.e4 c5 2.g3 Nc6 3.Bg2 g6 4.f4 Bg7 5.d3 d6 6.Nf3 e6 7.O-O Nge7 8.c3 O-O 9.
Be3 b6 10.Bf2 Ba6 11.Re1 Qc7 12.Na3 b5 13.d4 b4 14.Nc2 bxc3 15.bxc3 cxd4 
16.cxd4 Rfc8 17.Rb1 d5 18.Nd2 Bd3 19.exd5 Nxd5 20.Bxd5 exd5 21.Nb3 Bf5 22.
Rc1 Qb6 23.Ne3 Be4 24.Ng4 Nb4 25.Rxc8+ Rxc8 26.Nc5 Nxa2 27.Qa4 Nc3 28.Qd7 
Qc7 29.Ne5 Qxd7 30.Nexd7 a5 31.Be3 Bf5 32.Ne5 Rb8 33.Bd2 Nb5 34.Bxa5 Nxd4 
35.Rd1 Rb5 36.Rxd4 Rxc5 37.Bd2 h5 38.Kf2 Be4 39.Ra4 Rc7 40.h3 Bf8 41.Bb4 
Bxb4 42.Rxb4 f6 43.Rxe4 dxe4 44.Nxg6 Kf7 45.f5 Rc3 46.Nf4 Rf3+ 47.Kg2 h4 
48.Ne2 Re3 49.Kf2 Rxe2+ 50.Kxe2 hxg3 0-1

[Event "16th EUR-ch"]
[Site "Jerusalem ISR"]
[Date "2015.03.04"]
[Round "8"]
[White "Cohen Revivo, Alon"]
[Black "Kudischewitsch, David"]
[Result "0-1"]
[WhiteElo "2022"]
[BlackElo "2334"]
[EventDate "2015.02.24"]
[PlyCount "66"]

1.f4 Nf6 2.Nf3 g6 3.g3 Bg7 4.Bg2 O-O 5.O-O d6 6.Nc3 e5 7.e4 Nc6 8.d3 h6 9.
Kh1 Kh7 10.f5 Ne7 11.g4 Nxg4 12.Ng5+ hxg5 13.Qxg4 f6 14.h4 gxf5 15.Qh5+ 
Kg8 16.exf5 c6 17.hxg5 Nxf5 18.Rxf5 Bxf5 19.g6 Bxg6 20.Qxg6 f5 21.Bg5 Qe8 
22.Qxe8 Raxe8 23.Rf1 Re6 24.Bh3 Rg6 25.Rg1 Kf7 26.Rg3 Bf6 27.Bxf5 Rxg5 28.
Rxg5 Bxg5 29.Ne4 Ke7 30.Bh3 Bc1 31.b3 d5 32.Nc5 b6 33.Na4 Rh8 0-1

[Event "16th EUR-ch"]
[Site "Jerusalem ISR"]
[Date "2015.03.04"]
[Round "8"]
[White "Adar, Idan"]
[Black "Zanan, Evgeny"]
[Result "0-1"]
[WhiteElo "1912"]
[BlackElo "2327"]
[EventDate "2015.02.24"]
[PlyCount "70"]

1.d4 Nf6 2.f3 d5 3.e4 dxe4 4.Nc3 exf3 5.Nxf3 e6 6.Bd3 c5 7.Be3 Nc6 8.Qd2 
Ng4 9.Bg5 Be7 10.d5 exd5 11.O-O Be6 12.Bxe7 Qxe7 13.Qf4 O-O-O 14.Ng5 Nge5 
15.Bf5 h6 16.Nf3 g5 17.Bxe6+ fxe6 18.Qa4 Nxf3+ 19.Rxf3 Rhf8 20.Raf1 Rxf3 
21.Rxf3 c4 22.Ne2 Rf8 23.Rxf8+ Qxf8 24.a3 Qc5+ 25.Kf1 a6 26.b4 cxb3 27.
cxb3 Qf8+ 28.Ke1 Qf5 29.b4 Qe4 30.g3 Kb8 31.Kf2 d4 32.Qb3 d3 33.Nc3 Qd4+ 
34.Ke1 Qe3+ 35.Kf1 d2 0-1

[Event "16th EUR-ch"]
[Site "Jerusalem ISR"]
[Date "2015.03.04"]
[Round "8"]
[White "Manakova, Maria"]
[Black "Gabizon, Eyal"]
[Result "1-0"]
[WhiteElo "2318"]
[BlackElo "1760"]
[EventDate "2015.02.24"]
[PlyCount "179"]

1.e4 c5 2.f4 d5 3.exd5 Nf6 4.Bb5+ Bd7 5.Bxd7+ Qxd7 6.c4 e6 7.dxe6 Qxe6+ 8.
Qe2 Nc6 9.Qxe6+ fxe6 10.Na3 Nb4 11.d3 Nxd3+ 12.Ke2 Nxc1+ 13.Rxc1 Bd6 14.
Nh3 a6 15.Rcd1 O-O-O 16.Nc2 h6 17.Ne3 Bc7 18.Rxd8+ Rxd8 19.Rd1 Rxd1 20.
Kxd1 Kd7 21.Ke2 Ke7 22.g3 Kf7 23.Nf2 Bd6 24.Kf3 Nd7 25.Nd3 Nb8 26.Ng4 Nc6 
27.Ke4 Nd4 28.b4 b6 29.a4 Nb3 30.Nge5+ Ke8 31.b5 axb5 32.cxb5 Na5 33.Nb2 
Bxe5 34.Kxe5 Ke7 35.g4 Kd7 36.f5 exf5 37.gxf5 Ke7 38.Kd5 Kd7 39.Nd3 Nb3 
40.Ne5+ Kc7 41.Nc4 Nd4 42.Ke4 Ne2 43.Ne3 Kb7 44.Nd5 Ka7 45.Kd3 Nd4 46.Ke4 
Ne2 47.h4 Kb7 48.Ke3 Nd4 49.Kf4 Ne2+ 50.Ke4 Nd4 51.h5 Ne2 52.Kf3 Nd4+ 53.
Ke4 Ne2 54.Ke3 Ng3 55.f6 gxf6 56.Nxf6 Kc7 57.Nd5+ Kb7 58.Nf4 Kc7 59.Kf3 
Nf5 60.Ke4 Ng3+ 61.Kd5 Kd7 62.Ke5 Kc7 63.Nd5+ Kb7 64.Nf6 Kc7 65.Kf4 Ne2+ 
66.Ke3 Ng3 67.Kf3 Nf5 68.Nd5+ Kb7 69.Kf4 Nd4 70.Ke5 Ne2 71.Kf5 c4 72.Ne3 
Nd4+ 73.Ke4 Ne2 74.Kf5 Nd4+ 75.Ke5 Ne2 76.Nxc4 Ng3 77.Nd6+ Ka7 78.Kd5 Nxh5
79.Kc6 Nf4 80.Nc8+ Kb8 81.Nxb6 Ne2 82.Nd7+ Kc8 83.Nf6 Nd4+ 84.Kb6 Kb8 85.
a5 Nf5 86.a6 Nd6 87.Kc6 Nf7 88.b6 Nd8+ 89.Kb5 Kc8 90.Nd5 1-0

[Event "16th EUR-ch"]
[Site "Jerusalem ISR"]
[Date "2015.03.04"]
[Round "8"]
[White "Vasiliev, Olga"]
[Black "Iliaguev, Nisim"]
[Result "1-0"]
[WhiteElo "2296"]
[BlackElo "1926"]
[EventDate "2015.02.24"]
[PlyCount "89"]

1.e4 c5 2.Nc3 Nc6 3.f4 d6 4.Bb5 Nf6 5.Nf3 e6 6.O-O Be7 7.d3 O-O 8.Bxc6 
bxc6 9.e5 Ne8 10.exd6 Nxd6 11.Ne5 Qc7 12.Qf3 Bb7 13.Ne4 Nxe4 14.Qxe4 Rfd8 
15.Be3 c4 16.Qxc4 c5 17.b4 Bd5 18.Qc3 Qb7 19.bxc5 Bf6 20.Rf2 Rab8 21.a3 
Rdc8 22.h3 Bh4 23.Re2 Bg3 24.d4 h5 25.Bc1 h4 26.Qd3 Qc7 27.c4 Ba8 28.Be3 
Rd8 29.Rd1 f6 30.Ng4 Qxc5 31.Nxf6+ gxf6 32.Qg6+ Kh8 33.Qh6+ Kg8 34.Qg6+ 
Kh8 35.Qxf6+ Kh7 36.Qf7+ Kh8 37.Qf6+ Kh7 38.Qf7+ Kh8 39.d5 Qxc4 40.Qf6+ 
Kh7 41.Bd4 Qxd4+ 42.Qxd4 Rxd5 43.Qe4+ Kg7 44.Rxd5 Bxd5 45.Qe5+ 1-0

[Event "16th EUR-ch"]
[Site "Jerusalem ISR"]
[Date "2015.03.04"]
[Round "8"]
[White "Yaniv, Ori"]
[Black "Shevelev, Arkady"]
[Result "0-1"]
[WhiteElo "1579"]
[BlackElo "2285"]
[EventDate "2015.02.24"]
[PlyCount "80"]

1.e4 c6 2.d4 d5 3.Nd2 g6 4.h3 Bg7 5.Ngf3 Nh6 6.Bd3 O-O 7.O-O f6 8.c4 e6 9.
Re1 Nf7 10.exd5 cxd5 11.cxd5 exd5 12.Nb3 Qd6 13.Be3 Nc6 14.Qd2 Ng5 15.Nxg5
fxg5 16.Bxg5 a5 17.Bb5 a4 18.Bxc6 axb3 19.Bb5 bxa2 20.Be3 Bf5 21.Bd3 Bxd3 
22.Qxd3 Qb4 23.Re2 Rfc8 24.Rc2 Rxc2 25.Qxc2 Qc4 26.Qd1 b5 27.b3 Qc3 28.Kf1
Qb2 29.Kg1 Bf8 30.Kh2 Qc3 31.Bf4 Bg7 32.Be3 h6 33.h4 h5 34.g3 Qb2 35.Qh1 
Kh7 36.g4 Bxd4 37.Qxd5 Be5+ 38.Kg2 Qxa1 39.Qf7+ Bg7 40.gxh5 Qf6 0-1

[Event "16th EUR-ch"]
[Site "Jerusalem ISR"]
[Date "2015.03.04"]
[Round "8"]
[White "Kneler, Boris"]
[Black "Faizrakhmanov, Ramil"]
[Result "0-1"]
[WhiteElo "2025"]
[BlackElo "2371"]
[EventDate "2015.02.24"]
[PlyCount "86"]

1.Nf3 Nf6 2.g3 d5 3.c4 e6 4.Bg2 dxc4 5.Qa4+ c6 6.Qxc4 b5 7.Qc2 Bb7 8.d4 
Nbd7 9.O-O c5 10.dxc5 Bxc5 11.a3 Rc8 12.Nc3 O-O 13.Bg5 h6 14.Bxf6 Nxf6 15.
e3 Qb6 16.Qe2 Ba6 17.Qc2 Rc7 18.Rfd1 Bb7 19.Qe2 a6 20.Rac1 Rfc8 21.Na2 Bd5
22.b4 Be7 23.Rxc7 Rxc7 24.Nd4 Bc4 25.Qb2 Nd5 26.Nc1 Bf6 27.Qd2 Rd7 28.Ncb3
Nxe3 29.Qxe3 Bxb3 30.Qxb3 Bxd4 31.Rf1 g6 32.Qf3 Rc7 33.Rd1 e5 34.Qe2 Rc3 
35.Qa2 Qc7 36.Bd5 Rc2 37.Qb1 Kg7 38.Rf1 Bxf2+ 39.Kh1 f5 40.g4 Bd4 41.Qd1 
Qc3 42.Bg2 f4 43.Bf3 Qb2 0-1

[Event "16th EUR-ch"]
[Site "Jerusalem ISR"]
[Date "2015.03.04"]
[Round "8"]
[White "Poleg, Dan"]
[Black "Gershkowich, David"]
[Result "0-1"]
[WhiteElo "1992"]
[BlackElo "2227"]
[EventDate "2015.02.24"]
[PlyCount "68"]

1.d4 Nf6 2.c4 e6 3.Nf3 d5 4.Nc3 Be7 5.Bg5 h6 6.Bxf6 Bxf6 7.e3 O-O 8.Qd2 
Nc6 9.Be2 dxc4 10.Bxc4 e5 11.d5 Ne7 12.Ne4 Nf5 13.Nxf6+ Qxf6 14.Qc3 Nd6 
15.Be2 Re8 16.h3 Bf5 17.O-O Re7 18.Rac1 Be4 19.Rfd1 c6 20.dxc6 Bxc6 21.Qb4
Re6 22.Nd2 Qg5 23.Qg4 Qe7 24.Qb4 Rg6 25.Nf3 Qe6 26.Kh2 Qf6 27.e4 a5 28.Qc5
Bxe4 29.Rg1 Rc8 30.Qxe5 Qxe5+ 31.Nxe5 Rxc1 32.Nxg6 Rxg1 33.Ne7+ Kf8 34.
Kxg1 Kxe7 0-1

[Event "16th EUR-ch"]
[Site "Jerusalem ISR"]
[Date "2015.03.04"]
[Round "8"]
[White "Shohat, Yotam"]
[Black "Zalkind, Konstantin"]
[Result "0-1"]
[WhiteElo "1903"]
[BlackElo "2222"]
[EventDate "2015.02.24"]
[PlyCount "98"]

1.e4 d6 2.d4 Nf6 3.Nc3 g6 4.Nge2 Bg7 5.g3 O-O 6.Bg2 Nbd7 7.O-O c5 8.h3 Rb8
9.a4 b6 10.Be3 Bb7 11.d5 a6 12.Qd2 b5 13.Rad1 b4 14.Nb1 Qc7 15.Qe1 e6 16.
dxe6 fxe6 17.Nf4 Rbe8 18.Qd2 Nxe4 19.Bxe4 Bxe4 20.Qxd6 Qxd6 21.Rxd6 Ne5 
22.Nd2 Bxc2 23.Bxc5 Bh6 24.Rd4 Rf5 25.Bxb4 Bxa4 26.Bd6 Bb5 27.Rc1 Bg7 28.
Re4 Nd3 29.Nxd3 Bxd3 30.Rb4 Rd5 31.Bf4 Rb5 32.Rxb5 axb5 33.b4 Bf8 34.Rc3 
Rd8 35.Bc7 Bxb4 36.Rb3 Rd7 37.Rxb4 Rxc7 38.Nb3 e5 39.Kg2 Rc3 40.Nd2 Kf7 
41.Nb1 Rc7 42.Kf3 Ke6 43.Ke3 Bxb1 44.Rxb1 Rb7 45.Rb4 Kd5 46.Kd3 Kc5 47.Kc3
Rf7 48.f4 exf4 49.gxf4 g5 0-1

[Event "16th EUR-ch"]
[Site "Jerusalem ISR"]
[Date "2015.03.04"]
[Round "8"]
[White "Altshul, Limor"]
[Black "Chuvnik, Mordechai"]
[Result "0-1"]
[WhiteElo "1887"]
[BlackElo "2189"]
[EventDate "2015.02.24"]
[PlyCount "48"]

1.d4 Nf6 2.c4 e6 3.Nc3 Bb4 4.e3 O-O 5.Ne2 Re8 6.a3 Bf8 7.Ng3 d5 8.cxd5 
exd5 9.Bd3 b6 10.O-O Ba6 11.Bxa6 Nxa6 12.Qd3 Qc8 13.b4 c5 14.dxc5 bxc5 15.
b5 c4 16.Qd1 Nc7 17.Bb2 Qg4 18.Nge2 Bd6 19.a4 Bxh2+ 20.Kxh2 Qh4+ 21.Kg1 
Ng4 22.Re1 Qxf2+ 23.Kh1 Qh4+ 24.Kg1 Qh2+ 0-1

[Event "16th EUR-ch"]
[Site "Jerusalem ISR"]
[Date "2015.03.04"]
[Round "8"]
[White "Hasidovsky, Michael"]
[Black "Tifferet, Shaked"]
[Result "1/2-1/2"]
[WhiteElo "2187"]
[BlackElo "2001"]
[EventDate "2015.02.24"]
[PlyCount "101"]

1.Nf3 e6 2.c4 f5 3.g3 Nf6 4.Bg2 d5 5.d4 c6 6.b3 Bd6 7.O-O Qe7 8.Bb2 O-O 9.
e3 Nbd7 10.Qc1 b6 11.Ba3 Bb7 12.Bxd6 Qxd6 13.Qa3 Ne4 14.Qxd6 Nxd6 15.Rc1 
Rfc8 16.Ng5 Nf8 17.c5 bxc5 18.Rxc5 h6 19.Nf3 Nd7 20.Rc1 c5 21.dxc5 Nxc5 
22.Na3 Kf7 23.Ne5+ Ke7 24.Nc2 Rc7 25.Nd4 Rac8 26.f4 Nd7 27.Nd3 Nc5 28.Bf1 
Nxd3 29.Rxc7+ Rxc7 30.Bxd3 Rc3 31.Rd1 Bc8 32.Ne2 Rc7 33.Kf2 Bd7 34.Rc1 
Rxc1 35.Nxc1 Kd8 36.Ke2 Kc7 37.Kd2 Nf7 38.Kc3 g5 39.Kd4 Kd6 40.Be2 Nd8 41.
b4 Nc6+ 42.Kc3 gxf4 43.gxf4 e5 44.fxe5+ Nxe5 45.b5 f4 46.exf4 Ng6 47.a4 
Nxf4 48.Bf3 Ne6 49.Bg4 Nc5 50.Bxd7 Nxd7 51.Nd3 1/2-1/2

[Event "16th EUR-ch"]
[Site "Jerusalem ISR"]
[Date "2015.03.04"]
[Round "8"]
[White "Ciobanu, Camelia-Adriana"]
[Black "Toporkova, Sofia"]
[Result "1-0"]
[WhiteElo "2152"]
[BlackElo "1962"]
[EventDate "2015.02.24"]
[PlyCount "77"]

1.d4 Nf6 2.c4 g6 3.Nc3 Bg7 4.e4 d6 5.f3 O-O 6.Be3 e5 7.Nge2 Nbd7 8.d5 Qe7 
9.Qd2 Ne8 10.g4 f5 11.gxf5 gxf5 12.O-O-O f4 13.Bf2 Nb6 14.b3 Bd7 15.Kb1 c6
16.dxc6 bxc6 17.Nc1 Rb8 18.h4 Be6 19.Ka1 h6 20.Bh3 Rf7 21.Nd3 a5 22.Nb2 
Bxh3 23.Rxh3 Qe6 24.Rh2 Rd7 25.Nca4 Nxa4 26.Nxa4 Qf7 27.Rg2 Rb4 28.Bb6 
Rxa4 29.bxa4 Rb7 30.c5 Kh7 31.Qxa5 d5 32.Qb4 Qh5 33.Rf1 Nc7 34.a5 Na6 35.
Qa4 Qe8 36.Rfg1 Kh8 37.Rg6 Rd7 38.Qxc6 Nb8 39.Rxh6+ 1-0

[Event "16th EUR-ch"]
[Site "Jerusalem ISR"]
[Date "2015.03.04"]
[Round "8"]
[White "Ben-Natan, Yigal"]
[Black "Travinsky, Mark"]
[Result "1-0"]
[WhiteElo "2138"]
[BlackElo "1958"]
[EventDate "2015.02.24"]
[PlyCount "172"]

1.d4 f5 2.g3 Nf6 3.Bg2 g6 4.c4 c6 5.Nc3 a5 6.Nf3 Bg7 7.O-O O-O 8.b3 d6 9.
Bb2 Qc7 10.d5 Nbd7 11.Nd4 Ne5 12.f4 Neg4 13.Qd3 c5 14.Nf3 Bd7 15.h3 Nh6 
16.a4 Qc8 17.Kh2 Nf7 18.Rad1 b6 19.Ba1 Qc7 20.Qe3 Rae8 21.Ng5 Nd8 22.Qd3 
h6 23.Nf3 Qc8 24.Nh4 Kh7 25.Rf2 Rf7 26.g4 Rg8 27.Rdf1 Bh8 28.g5 hxg5 29.
fxg5 Nh5 30.Nb5 Bxa1 31.Rxa1 Rgf8 32.Nc3 Be8 33.e3 Rg7 34.Ne2 Nf7 35.Nf4 
Ne5 36.Qc2 Bd7 37.Qe2 Be8 38.Ne6 Rh8 39.e4 f4 40.Nxf4 Nxf4 41.Rxf4 Bd7 42.
Nf3 Kg8 43.h4 Bg4 44.Kg3 Rgh7 45.Rh1 Kg7 46.Qe3 Bxf3 47.Bxf3 Rf8 48.Rf1 
Rxf4 49.Qxf4 Qf8 50.Qe3 Qh8 51.Rh1 Qc8 52.Qe2 Rh8 53.Bg4 Qg8 54.Qf1 Qf8 
55.Qh3 Rh7 56.Rf1 Qe8 57.Be2 Rh8 58.Qe6 Rf8 59.h5 Rxf1 60.h6+ Kh7 61.Bxf1 
Qf7 62.Qxf7+ Nxf7 63.Kf4 Ne5 64.Bh3 Kh8 65.Bc8 Kh7 66.Ba6 Kh8 67.Bb5 Kh7 
68.Be8 Nd3+ 69.Kf3 Ne5+ 70.Kg3 Nd3 71.Kf3 Ne5+ 72.Ke3 Kh8 73.Bxg6 Nxg6 74.
Kf3 Kg8 75.Kg4 Kf7 76.Kf5 Ne5 77.h7 Ng6 78.e5 dxe5 79.h8=Q Nxh8 80.Kxe5 
Ng6+ 81.Kf5 Nf8 82.Ke5 Nd7+ 83.Kf5 Nf8 84.Ke5 Nd7+ 85.Kf5 Nf8 86.Ke5 Ke8 
1-0

[Event "16th EUR-ch"]
[Site "Jerusalem ISR"]
[Date "2015.03.04"]
[Round "8"]
[White "Mdivani, Maka"]
[Black "Lahav, Michal"]
[Result "0-1"]
[WhiteElo "2105"]
[BlackElo "1886"]
[EventDate "2015.02.24"]
[PlyCount "78"]

1.b3 Nf6 2.Bb2 e6 3.e3 Be7 4.d4 b6 5.Nd2 Bb7 6.Nc4 Ne4 7.Nf3 Bb4+ 8.Ncd2 
Bc3 9.Bxc3 Nxc3 10.Qc1 O-O 11.Bd3 f5 12.Qb2 Ne4 13.Rg1 Qf6 14.c3 d6 15.Qc2
Nxd2 16.Nxd2 c5 17.Nc4 Qe7 18.g4 Be4 19.Bxe4 fxe4 20.Qxe4 d5 21.Qg2 Nd7 
22.Nd2 Rac8 23.f4 cxd4 24.cxd4 Qb4 25.a3 Qc3 26.Ke2 Qb2 27.Rgb1 Qc2 28.g5 
Rc3 29.Kf3 Qd3 30.Re1 Qxd4 31.Kg4 Ne5+ 32.Kh5 g6+ 33.Kh4 Rxf4+ 34.Kh3 
Rxe3+ 35.Rxe3 Qxe3+ 36.Qg3 Qxd2 37.Ra2 Qd4 38.Qe1 Qd3+ 39.Kg2 Qf3+ 0-1

[Event "16th EUR-ch"]
[Site "Jerusalem ISR"]
[Date "2015.03.04"]
[Round "8"]
[White "Kali, Omer"]
[Black "Sassoon, Roei"]
[Result "1-0"]
[WhiteElo "2089"]
[BlackElo "1896"]
[EventDate "2015.02.24"]
[PlyCount "55"]

1.e4 c5 2.Nf3 Nc6 3.Bb5 e6 4.O-O Nge7 5.Re1 a6 6.Bf1 d5 7.d3 d4 8.Nbd2 e5 
9.a4 Ng6 10.Nc4 b6 11.c3 Be7 12.g3 O-O 13.h4 f6 14.h5 Nh8 15.a5 Nxa5 16.
Nxa5 bxa5 17.Nh4 Nf7 18.Nf5 g6 19.Nxe7+ Qxe7 20.Rxa5 Ra7 21.c4 f5 22.exf5 
gxf5 23.Bg2 Qc7 24.Qa4 Nd6 25.Qa3 e4 26.Rxc5 Qf7 27.Bf4 Qf6 28.Rc6 1-0

[Event "16th EUR-ch"]
[Site "Jerusalem ISR"]
[Date "2015.03.04"]
[Round "8"]
[White "Zlatin, Alexander"]
[Black "Globus, Or"]
[Result "1-0"]
[WhiteElo "2086"]
[BlackElo "1862"]
[EventDate "2015.02.24"]
[PlyCount "115"]

1.e4 c5 2.c3 d5 3.exd5 Qxd5 4.d4 Nc6 5.Nf3 Bf5 6.Be3 Nf6 7.Na3 e6 8.Be2 
cxd4 9.Nb5 Rc8 10.Nfxd4 a6 11.Nxc6 bxc6 12.Nd4 Bc5 13.Nxf5 Qxf5 14.Bxc5 
Qxc5 15.Bxa6 Rd8 16.Qe2 Qg5 17.O-O Rd2 18.Qf3 O-O 19.Rab1 Rfd8 20.Rfd1 Ne4
21.Be2 f5 22.Qe3 Qf6 23.Rxd2 Nxd2 24.Rd1 f4 25.Qh3 e5 26.Bd3 e4 27.Rxd2 
exd3 28.Rxd3 Re8 29.Rd1 Qe5 30.Qd3 h5 31.g3 fxg3 32.hxg3 Re6 33.Qd4 Qf5 
34.Qd8+ Kh7 35.Qd3 Re4 36.f3 Re1+ 37.Kf2 Qxd3 38.Rxd3 Ra1 39.a3 Ra2 40.Rd2
Kg6 41.f4 Kf5 42.Kf3 Ra1 43.Re2 Rf1+ 44.Kg2 Rb1 45.Re5+ Kg6 46.Rg5+ Kh6 
47.b4 Rb3 48.Rc5 Rxa3 49.Rxc6+ Kh7 50.g4 Ra2+ 51.Kg3 hxg4 52.Kxg4 Rg2+ 53.
Kf5 g6+ 54.Ke6 Re2+ 55.Kd6 Re4 56.b5 Rxf4 57.b6 g5 58.b7 1-0

[Event "16th EUR-ch"]
[Site "Jerusalem ISR"]
[Date "2015.03.04"]
[Round "8"]
[White "Aronin, Pavel"]
[Black "Vaturi, Eden"]
[Result "1-0"]
[WhiteElo "2085"]
[BlackElo "1798"]
[EventDate "2015.02.24"]
[PlyCount "97"]

1.e4 d6 2.d4 Nf6 3.Nc3 g6 4.Nf3 Bg7 5.h3 O-O 6.Be3 c6 7.a4 b6 8.Be2 c5 9.
d5 Ba6 10.O-O Bxe2 11.Qxe2 Qc8 12.Nd2 Na6 13.Nb5 Nc7 14.Bg5 a6 15.Nc3 Qd7 
16.Nc4 Rfb8 17.Rfd1 b5 18.axb5 axb5 19.Rxa8 Nxa8 20.Na5 Nc7 21.Nc6 Rb7 22.
Ra1 e6 23.Qf3 exd5 24.exd5 b4 25.Bxf6 bxc3 26.bxc3 h6 27.c4 Ne8 28.Bxg7 
Kxg7 29.Re1 Qc8 30.Qg3 Rd7 31.Qc3+ Nf6 32.g4 Qh8 33.f4 Kh7 34.Kg2 Qg7 35.
Qa1 Ng8 36.Qxg7+ Kxg7 37.Rb1 Ne7 38.Kf3 Nxc6 39.dxc6 Rc7 40.Rb6 Kf6 41.Ke4
h5 42.Kd5 hxg4 43.hxg4 Re7 44.Kxd6 Re4 45.c7 Rxf4 46.Kxc5+ Kg5 47.c8=Q 
Rxg4 48.Qxg4+ Kxg4 49.Rf6 1-0

[Event "16th EUR-ch"]
[Site "Jerusalem ISR"]
[Date "2015.03.04"]
[Round "8"]
[White "Zak, Arad"]
[Black "Abend, Ilay"]
[Result "1-0"]
[WhiteElo "2061"]
[BlackElo "1725"]
[EventDate "2015.02.24"]
[PlyCount "77"]

1.d4 Nf6 2.c4 e6 3.Nf3 b6 4.Bg5 Bb7 5.e3 Bb4+ 6.Nc3 d6 7.Qa4+ Nc6 8.d5 Qd7
9.Bxf6 gxf6 10.dxc6 Bxc3+ 11.bxc3 Bxc6 12.Qc2 Ke7 13.Nd4 Bb7 14.f3 h5 15.
Bd3 Rag8 16.O-O-O c5 17.Nb3 h4 18.h3 Rg3 19.Rd2 Rhg8 20.Rhd1 Qc7 21.Bf1 f5
22.Qd3 Rd8 23.Kb2 Bc6 24.Nc1 Qb7 25.Ka1 a6 26.Ne2 Rgg8 27.Nf4 Rd7 28.Qb1 
Rb8 29.Bd3 Qc7 30.Rb2 Rdd8 31.Rdd2 Rg8 32.Qe1 Rh8 33.e4 fxe4 34.Bxe4 Bd7 
35.Bh7 Qc6 36.Qxh4+ Ke8 37.Qg5 Rc8 38.Nh5 Ra8 39.Be4 1-0

[Event "16th EUR-ch"]
[Site "Jerusalem ISR"]
[Date "2015.03.04"]
[Round "8"]
[White "Levin, Natan"]
[Black "Kalka, Arkadius Georg"]
[Result "0-1"]
[WhiteElo "1869"]
[BlackElo "2389"]
[EventDate "2015.02.24"]
[PlyCount "78"]

1.d4 g6 2.Nf3 Bg7 3.c3 d5 4.Bg5 c5 5.e3 Nc6 6.Nbd2 Bf5 7.Be2 f6 8.Bh4 g5 
9.Bg3 h5 10.h4 g4 11.Ng1 e5 12.e4 Bxe4 13.Nxe4 dxe4 14.d5 Nce7 15.Bb5+ Kf8
16.d6 Nf5 17.d7 Qc7 18.Ne2 Nd6 19.Nf4 exf4 20.Bxf4 Ke7 21.Qd5 Qb6 22.O-O-O
Bh6 23.Bxh6 Nxh6 24.Rhe1 Nhf7 25.Rxe4+ Nxe4 26.Qxe4+ Ne5 27.Ba4 Kd8 28.f4 
gxf3 29.gxf3 Kc7 30.f4 Ng4 31.Qe7 Rad8 32.Rd5 Kb8 33.Rxc5 Qa6 34.Bb5 Qb6 
35.b4 f5 36.a4 a6 37.a5 Qf6 38.Qxf6 Nxf6 39.Rxf5 axb5 0-1

[Event "16th EUR-ch"]
[Site "Jerusalem ISR"]
[Date "2015.03.04"]
[Round "8"]
[White "Feldman, Antony"]
[Black "Marusenko, Petr"]
[Result "0-1"]
[WhiteElo "1807"]
[BlackElo "2205"]
[EventDate "2015.02.24"]
[PlyCount "116"]

1.Nf3 f5 2.d3 d6 3.e4 e5 4.Nc3 c5 5.g3 Nc6 6.Bg2 Nf6 7.O-O Be7 8.Nh4 fxe4 
9.dxe4 Nd4 10.Nd5 Nxd5 11.exd5 Bxh4 12.gxh4 Qxh4 13.c3 Nf5 14.f4 exf4 15.
Rxf4 Qf6 16.Re4+ Kf7 17.Qa4 Rd8 18.Bf4 Bd7 19.Qb3 Rab8 20.Rae1 Kg8 21.Qd1 
Re8 22.Qh5 Rxe4 23.Bxe4 Re8 24.Qg5 Qxg5+ 25.Bxg5 Kf7 26.Kf2 h6 27.Bxf5 
Rxe1 28.Kxe1 Bxf5 29.Bf4 Ke7 30.Kd2 Bb1 31.b3 Bxa2 32.Kc2 c4 33.b4 Bb3+ 
34.Kd2 g5 35.Be3 b6 36.Ke2 Kf6 37.Bd4+ Kf5 38.Kf3 h5 39.Bg7 a5 40.bxa5 
bxa5 41.Bf8 Ke5 42.Ke3 a4 43.Kd2 a3 44.Kc1 a2 45.Kb2 Kxd5 46.Be7 g4 47.Bh4
Ke4 48.Ka1 d5 49.Bf6 Kf3 50.Bh4 Kg2 51.Bg3 h4 52.Be5 g3 53.hxg3 hxg3 54.
Kb2 Kf2 55.Bxg3+ Kxg3 56.Ka1 Kf4 57.Kb2 d4 58.cxd4 c3+ 0-1

[Event "16th EUR-ch"]
[Site "Jerusalem ISR"]
[Date "2015.03.04"]
[Round "8"]
[White "Henseler, Jorgen"]
[Black "Landa, Alex"]
[Result "1-0"]
[WhiteElo "2123"]
[BlackElo "1905"]
[EventDate "2015.02.24"]
[PlyCount "93"]

1.d4 f5 2.g3 Nf6 3.Bg2 g6 4.Nf3 Bg7 5.O-O O-O 6.c4 d6 7.Nc3 Qe8 8.d5 a5 9.
Be3 Ng4 10.Bf4 Ne5 11.c5 a4 12.cxd6 cxd6 13.Rc1 h6 14.h4 Bd7 15.b3 Nxf3+ 
16.Bxf3 axb3 17.Qxb3 b5 18.Rb1 Na6 19.a3 Rb8 20.Na2 Nc5 21.Qe3 Kh7 22.Rfc1
Na4 23.Qa7 Ra8 24.Qe3 Nb2 25.Qb3 Nc4 26.a4 Na5 27.Qb4 bxa4 28.Rc7 Nb3 29.
Be3 Rb8 30.Qa3 Qd8 31.Ra7 Ra8 32.Rxa8 Qxa8 33.Nb4 Bf6 34.Nc6 Qa6 35.Rxb3 
e5 36.Rb6 Qc4 37.Rb4 Qc2 38.Qxa4 Qxa4 39.Rxa4 e4 40.Ra7 Rf7 41.Bg2 Kg7 42.
Bd4 Bxd4 43.Nxd4 Kf6 44.f4 g5 45.hxg5+ hxg5 46.e3 gxf4 47.gxf4 1-0

[Event "16th EUR-ch"]
[Site "Jerusalem ISR"]
[Date "2015.03.04"]
[Round "8"]
[White "Kochavi, Ori"]
[Black "Chubar, Vladimir"]
[Result "1-0"]
[WhiteElo "1607"]
[BlackElo "2066"]
[EventDate "2015.02.24"]
[PlyCount "149"]

1.e4 e6 2.d4 d5 3.Nd2 dxe4 4.Nxe4 Be7 5.Nf3 Nd7 6.Bc4 Ngf6 7.Nxf6+ Bxf6 8.
O-O O-O 9.c3 c5 10.Be3 Qc7 11.Rc1 b6 12.Bd3 Bb7 13.Qc2 g6 14.Be4 Bg7 15.
Bxb7 Qxb7 16.Rfd1 Rac8 17.Qe2 Rfd8 18.Bg5 Nf6 19.Bxf6 Bxf6 20.Qe3 Qd5 21.
Qf4 Kg7 22.c4 Qd6 23.Qxd6 Rxd6 24.dxc5 Rxd1+ 25.Rxd1 Rxc5 26.b3 b5 27.cxb5
Rxb5 28.Rd7 a5 29.Kf1 Rc5 30.Ke2 Bc3 31.Nd2 Bb4 32.Nc4 h5 33.Ra7 Rd5 34.f3
h4 35.a3 Bc3 36.Rc7 Bd4 37.a4 Bg1 38.h3 Bd4 39.Rb7 Rg5 40.Kf1 Rd5 41.Rb5 
Bc3 42.Rxd5 exd5 43.Nb6 d4 44.Ke2 Kf6 45.Nc4 Ke6 46.Kd3 Kd5 47.Na3 Kc5 48.
Nc2 Kd5 49.f4 f5 50.Na3 Kc5 51.Nc2 Bb2 52.Kd2 Kd6 53.Kd3 Kd5 54.Ne1 Kc5 
55.Kc2 Bc3 56.Nd3+ Kd5 57.Ne5 g5 58.Kd3 gxf4 59.Ng6 Kc5 60.Nxf4 Kb4 61.Kc2
Kc5 62.Ng6 Be1 63.Nf4 Bg3 64.Ne2 Kd5 65.Kd3 Be5 66.Ng1 Kc5 67.Nf3 Bf6 68.
Kc2 Kd6 69.Nd2 Ke5 70.Nc4+ Ke4 71.Nxa5 Ke3 72.Kd1 Be5 73.Nc4+ Kf2 74.Nxe5 
Kxg2 75.a5 1-0